Loading...
| Fine Arts - Classical Music | 1 | 0.00 | 0% | 0% | 0% |
| Fine Arts - Other | 2 | 10.00 | 100% | 0% | 0% |
| Fine Arts - Painting and Sculpture | 3 | 6.67 | 33% | 0% | 33% |
| Geography | 1 | 0.00 | 0% | 0% | 0% |
| History - American | 4 | 5.00 | 50% | 0% | 0% |
| History - European | 1 | 10.00 | 0% | 100% | 0% |
| History - Other | 1 | 10.00 | 100% | 0% | 0% |
| History - World | 3 | 6.67 | 33% | 33% | 0% |
| Literature - American | 2 | 5.00 | 50% | 0% | 0% |
| Literature - British | 2 | 0.00 | 0% | 0% | 0% |
| Literature - European | 2 | 5.00 | 50% | 0% | 0% |
| Literature - World | 2 | 0.00 | 0% | 0% | 0% |
| Mythology | 1 | 20.00 | 100% | 0% | 100% |
| Other Academic | 1 | 0.00 | 0% | 0% | 0% |
| Pop Culture | 1 | 0.00 | 0% | 0% | 0% |
| Religion | 1 | 10.00 | 100% | 0% | 0% |
| Science - Biology | 3 | 10.00 | 100% | 0% | 0% |
| Science - Physics | 1 | 10.00 | 100% | 0% | 0% |
| Social Science | 2 | 5.00 | 50% | 0% | 0% |